MARC details
| 000 -CABECERA |
| campo de control de longitud fija |
01085nam a2200205 a 4500 |
| 001 - NÚMERO DE CONTROL |
| campo de control |
000026804 |
| 005 - FECHA Y HORA DE LA ÚLTIMA TRANSACCIÓN |
| campo de control |
20200930030424.0 |
| 008 - DATOS DE LONGITUD FIJA--INFORMACIÓN GENERAL |
| campo de control de longitud fija |
110325s1995 dr ad 000 0 spa d |
| 040 ## - FUENTE DE LA CATALOGACIÓN |
| Centro catalogador/agencia de origen |
DO-SdBNP |
| Lengua de catalogación |
spa |
| Centro/agencia transcriptor |
BNPHU |
| 082 ## - NÚMERO DE LA CLASIFICACIÓN DECIMAL DEWEY |
| Número de clasificación |
615.1 |
| Número de documento/Ítem |
C749p |
| 111 2# - ENTRADA PRINCIPAL--NOMBRE DE CONGRESO/REUNIÓN |
| Nombre de congreso/reunión o jurisdicción como elemento de entrada |
Congreso Nacional sobre Medicamentos : la empresa farmacéutica en ruta hacia el siglo XXI: calidad, desarrollo y globalización |
| Número del congreso/reunión o número de parte o sección |
(4a. : |
| Fecha del congreso/reunión |
1995, ago. 31-2 sep.: |
| Sede del congreso/Lugar de la reunión |
Santo Domingo) |
| 9 (RLIN) |
53913 |
| 245 10 - MENCIÓN DE TÍTULO |
| Título |
Ponencias del IV Congreso Nacional sobre Medicamentos : |
| Resto del título |
la empresa farmacéutica en ruta hacia el siglo XXI: calidad, desarrollo y globalización. |
| 260 ## - PUBLICACIÓN, DISTRIBUCIÓN, ETC. |
| Lugar de publicación, distribución, etc. |
Santo Domingo : |
| Nombre del editor, distribuidor, etc. |
ARAPF, |
| Fecha de publicación, distribución, etc. |
1995. |
| 300 ## - DESCRIPCIÓN FÍSICA |
| Extensión |
101 p. : |
| Otras características físicas |
il., gráf. ; |
| Dimensiones |
28 cm. |
| 590 ## - NOTA LOCAL (RLIN) |
| Nota local |
Inventariado, 2018/LP |
| 650 #4 - PUNTO DE ACCESO ADICIONAL DE MATERIA--TÉRMINO DE MATERIA |
| Término de materia o nombre geográfico como elemento de entrada |
Industria farmacéutica |
| Subdivisión geográfica |
República Dominicana |
| Subdivisión general |
Congresos, conferencias , etc. |
| 9 (RLIN) |
53914 |
| 650 #4 - PUNTO DE ACCESO ADICIONAL DE MATERIA--TÉRMINO DE MATERIA |
| Término de materia o nombre geográfico como elemento de entrada |
Indusria farmacéutica |
| Subdivisión general |
Control de calidad |
| -- |
Congresos, conferencias , etc. |
| 9 (RLIN) |
53915 |
| 710 2# - PUNTO DE ACCESO ADICIONAL--NOMBRE DE ENTIDAD CORPORATIVA |
| Nombre de entidad corporativa o nombre de jurisdicción como elemento de entrada |
Asociación de Representantes, Agentes y Productores Farmacéuticos (República Dominicana) |
| 9 (RLIN) |
53916 |
| 910 ## - DATOS DE OPCIÓN DEL USUARIO (OCLC) |
| Datos de opción del usuario |
Validado. Control de calidad MFF |